US State Flags with One Star - Statistics

General Stats
  • This quiz has been taken 224 times
  • The average score is 5 of 9
Answer Stats
State % Correct
Texas
88%
Arizona
65%
California
59%
North Carolina
47%
Maine
44%
Nevada
44%
Idaho
40%
Massachusetts
37%
Wyoming
34%
No matching quizzes found
Score Distribution
Percent of People with Each Score
Percentile by Number Answered
Your Score History
You have not taken this quiz